| 000 | 01242nam a22002537a 4500 | ||
|---|---|---|---|
| 005 | 20170123164157.0 | ||
| 010 | _aB-124669 | ||
| 020 |
_a140.00 _c8173291519 |
||
| 035 | _aB-124669 | ||
| 037 | _bCen Lib/Ret | ||
| 040 |
_aDPL _bPN |
||
| 082 |
_a858 _bਅੰਮ੍ਰਿਤਾ |
||
| 100 |
_aਅੰਮ੍ਰਿਤਾ ਪ੍ਰੀਤਮ _9141089 |
||
| 245 |
_aਕਿਤਾਬਾਂ ਮੁਲਾਕਾਤਾਂ ਤੇ ਸੋਚਾਂ ਦੀਆਂ ਸੜਕਾਂ ਦਾ ਸਫ਼ਰਨਾਮਾ / _cਅੰਮ੍ਰਿਤਾ ਪ੍ਰੀਤਮ |
||
| 246 |
_akitābāṃ, mulākātāṃ te socāṃ dīāṃ saṛakāṃ dā Safaranāmā / _bby Amrita Pritam |
||
| 260 |
_aਦਿੱਲੀ _bਸ਼ਿਲਾਲੇਖ _c2005 |
||
| 270 |
_a4/32 ਸ਼ੁਭਾਸ਼ ਗਲੀ ਵਿਸ਼ਵਾਸ਼ ਨਗਰ ਸ਼ਾਹਦਰਾ _bਦਿੱਲੀ _e110032 |
||
| 300 |
_a140p ; _c20cm |
||
| 650 |
_aPanjabi literature. _9141090 |
||
| 650 |
_aਪੰਜਾਬੀ ਸਾਹਿਤ _9141091 |
||
| 650 |
_aPanjabi literature -- History and criticism. _924042 |
||
| 650 |
_aਪੰਜਾਬੀ ਸਾਹਿਤ - ਇਤਿਹਾਸ ਅਤੇ ਆਲੋਚਨਾ. _9141092 |
||
| 942 |
_2ddc _cPN _h858 _mਅੰਮ੍ਰਿਤਾ |
||
| 999 |
_c110783 _d110783 |
||